[Event "DEM U10w 2023"]
[Site "Willingen GER"]
[Date "2023.06.01"]
[Round "8"]
[White "Döscher, Nayla"]
[Black "Guruprasad, Aditi"]
[Result "0-1"]
[Termination "normal"]
[Board "14"]
[WhiteElo "1111"]
[BlackElo "893"]
[WhiteClock "00:38:26"]
[BlackClock "00:18:07"]
[PlyCount "44"]
[WhiteFideId "34625046"]
[EventCountry "GER"]
[EventRounds "11"]
[EventType "swiss"]
[EventDate "2023.05.27"]

1. e4 {[%clk 01:15:58]} {[%emt 00:00:01]} e5 {[%clk 01:15:57]} {[%emt
00:00:04]} 2. Nc3 {[%clk 01:16:19]} {[%emt 00:00:09]} Nf6 {[%clk 01:16:19]}
{[%emt 00:00:08]} 3. Nf3 {[%clk 01:16:28]} {[%emt 00:00:20]} Nc6 {[%clk
01:16:33]} {[%emt 00:00:17]} 4. d3 {[%clk 01:16:06]} {[%emt 00:00:52]} Bb4
{[%clk 01:12:18]} {[%emt 00:04:37]} 5. Bg5 {[%clk 01:15:24]} {[%emt 00:01:19]}
h6 {[%clk 01:08:30]} {[%emt 00:04:18]} 6. Bh4 {[%clk 01:15:45]} {[%emt
00:00:08]} d6 {[%clk 01:03:08]} {[%emt 00:05:53]} 7. h3 {[%clk 01:13:59]}
{[%emt 00:02:15]} Be6 {[%clk 00:55:27]} {[%emt 00:08:07]} 8. Be2 {[%clk
01:10:56]} {[%emt 00:03:37]} Nd4 {[%clk 00:48:39]} {[%emt 00:07:18]} 9. O-O
{[%clk 01:10:34]} {[%emt 00:00:52]} g5 {[%clk 00:43:19]} {[%emt 00:05:50]} 10.
Bg3 {[%clk 01:09:45]} {[%emt 00:01:18]} Qd7 {[%clk 00:37:50]} {[%emt 00:06:00]}
11. Nd5 {[%clk 01:02:48]} {[%emt 00:07:27]} Nxd5 {[%clk 00:36:47]} {[%emt
00:01:34]} 12. exd5 {[%clk 01:03:09]} {[%emt 00:00:08]} Bxd5 {[%clk 00:37:06]}
{[%emt 00:00:11]} 13. c3 {[%clk 01:03:06]} {[%emt 00:00:33]} Nxe2+ {[%clk
00:37:29]} {[%emt 00:00:07]} 14. Qxe2 {[%clk 01:03:22]} {[%emt 00:00:14]} Ba5
{[%clk 00:30:43]} {[%emt 00:05:54]} 15. Rfe1 {[%clk 01:00:37]} {[%emt
00:04:37]} O-O-O {[%clk 00:29:11]} {[%emt 00:02:02]} 16. b4 {[%clk 00:58:58]}
{[%emt 00:02:09]} Bb6 {[%clk 00:27:37]} {[%emt 00:01:55]} 17. a4 {[%clk
00:57:10]} {[%emt 00:02:27]} a6 {[%clk 00:27:39]} {[%emt 00:00:28]} 18. a5
{[%clk 00:56:29]} {[%emt 00:01:12]} Ba7 {[%clk 00:27:55]} {[%emt 00:00:14]} 19.
Rab1 {[%clk 00:52:37]} {[%emt 00:03:57]} Bc6 {[%clk 00:23:36]} {[%emt
00:05:11]} 20. Kh1 {[%clk 00:45:29]} {[%emt 00:07:40]} f6 {[%clk 00:20:34]}
{[%emt 00:03:29]} 21. Nd2 {[%clk 00:39:23]} {[%emt 00:06:39]} Qxh3+ {[%clk
00:18:30]} {[%emt 00:02:33]} 22. Kg1 {[%clk 00:38:26]} {[%emt 00:01:28]} Qxg2#
{[%clk 00:18:07]} {[%emt 00:00:11]} 0-1

[Event "DEM U10w 2023"]
[Site "Willingen GER"]
[Date "2023.06.01"]
[Round "8"]
[White "Greither, Flora"]
[Black "Klymenko, Mariia"]
[Result "1-0"]
[Termination "normal"]
[Board "16"]
[WhiteElo "978"]
[BlackElo "1039"]
[WhiteClock "01:10:48"]
[BlackClock "00:17:54"]
[PlyCount "133"]
[BlackFideId "34620621"]
[EventCountry "GER"]
[EventRounds "11"]
[EventType "swiss"]
[EventDate "2023.05.27"]

1. e4 {[%clk 01:15:59]} e5 {[%clk 01:15:55]} {[%emt 00:00:05]} 2. Nf3 {[%clk
01:16:20]} {[%emt 00:00:08]} Nc6 {[%clk 01:16:18]} {[%emt 00:00:08]} 3. Nc3
{[%clk 01:16:43]} {[%emt 00:00:07]} d6 {[%clk 01:16:42]} {[%emt 00:00:06]} 4.
Bb5 {[%clk 01:16:55]} {[%emt 00:00:18]} Nf6 {[%clk 01:16:52]} {[%emt 00:00:20]}
5. O-O {[%clk 01:17:00]} {[%emt 00:00:25]} Be7 {[%clk 01:17:04]} {[%emt
00:00:18]} 6. Bxc6+ {[%clk 01:17:15]} {[%emt 00:00:16]} bxc6 {[%clk 01:17:25]}
{[%emt 00:00:08]} 7. d3 {[%clk 01:17:28]} {[%emt 00:00:18]} O-O {[%clk
01:17:33]} {[%emt 00:00:21]} 8. Be3 {[%clk 01:17:36]} {[%emt 00:00:22]} Bb7
{[%clk 01:16:26]} {[%emt 00:01:37]} 9. d4 {[%clk 01:16:29]} {[%emt 00:01:37]}
exd4 {[%clk 01:16:44]} {[%emt 00:00:12]} 10. Nxd4 {[%clk 01:16:52]} {[%emt
00:00:07]} c5 {[%clk 01:15:11]} {[%emt 00:02:03]} 11. Nf5 {[%clk 01:17:08]}
{[%emt 00:00:14]} Nxe4 {[%clk 01:13:36]} {[%emt 00:02:05]} 12. Nxe4 {[%clk
01:16:38]} {[%emt 00:01:00]} Bxe4 {[%clk 01:13:56]} {[%emt 00:00:10]} 13. Qg4
{[%clk 01:16:32]} {[%emt 00:00:37]} Bxf5 {[%clk 01:12:08]} {[%emt 00:02:16]}
14. Qxf5 {[%clk 01:16:42]} {[%emt 00:00:20]} Re8 {[%clk 01:08:47]} {[%emt
00:03:51]} 15. Qg4 {[%clk 01:16:42]} {[%emt 00:00:30]} Bf6 {[%clk 01:06:42]}
{[%emt 00:02:36]} 16. Rad1 {[%clk 01:14:38]} {[%emt 00:02:34]} Bxb2 {[%clk
00:55:24]} {[%emt 00:11:48]} 17. Rd3 {[%clk 01:13:49]} {[%emt 00:01:19]} Bf6
{[%clk 00:48:47]} {[%emt 00:07:07]} 18. Bh6 {[%clk 01:12:15]} {[%emt 00:02:03]}
Rb8 {[%clk 00:43:00]} {[%emt 00:06:18]} 19. Rg3 {[%clk 01:11:03]} {[%emt
00:01:41]} g6 {[%clk 00:38:33]} {[%emt 00:04:57]} 20. Qf3 {[%clk 01:08:49]}
{[%emt 00:02:44]} Qe7 {[%clk 00:32:39]} {[%emt 00:06:25]} 21. h3 {[%clk
01:06:18]} {[%emt 00:03:00]} Rb2 {[%clk 00:26:25]} {[%emt 00:06:45]} 22. Qa3
{[%clk 01:02:46]} {[%emt 00:03:58]} Qe2 {[%clk 00:13:31]} {[%emt 00:13:19]} 23.
Re3 {[%clk 01:00:05]} {[%emt 00:03:16]} Rxe3 {[%clk 00:13:45]} {[%emt
00:00:20]} 24. Bxe3 {[%clk 00:59:50]} {[%emt 00:00:45]} Qxc2 {[%clk 00:10:10]}
{[%emt 00:04:04]} 25. Bh6 {[%clk 00:58:28]} {[%emt 00:01:51]} Rxa2 {[%clk
00:10:19]} {[%emt 00:00:21]} 26. Qf3 {[%clk 00:58:15]} {[%emt 00:00:43]} Bd8
{[%clk 00:01:53]} {[%emt 00:08:57]} 27. Qa8 {[%clk 00:58:09]} {[%emt 00:00:36]}
f6 {[%clk 00:02:13]} {[%emt 00:00:10]} 28. Qxd8+ {[%clk 00:58:29]} {[%emt
00:00:10]} Kf7 {[%clk 00:02:34]} {[%emt 00:00:09]} 29. Qf8+ {[%clk 00:58:37]}
{[%emt 00:00:21]} Ke6 {[%clk 00:02:54]} {[%emt 00:00:08]} 30. Re1+ {[%clk
00:57:58]} {[%emt 00:01:12]} Kd5 {[%clk 00:02:37]} {[%emt 00:00:45]} 31. Qa8+
{[%clk 00:58:07]} {[%emt 00:00:22]} Kd4 {[%clk 00:01:43]} {[%emt 00:01:16]} 32.
Be3+ {[%clk 00:57:30]} {[%emt 00:01:15]} Kc3 {[%clk 00:01:40]} {[%emt
00:00:28]} 33. Rc1 {[%clk 00:57:50]} {[%emt 00:00:16]} Ra1 {[%clk 00:01:37]}
{[%emt 00:00:33]} 34. Qf3 {[%clk 00:56:53]} {[%emt 00:01:26]} Rxc1+ {[%clk
00:15:11]} {[%emt 00:01:58]} 35. Bxc1+ {[%clk 01:12:13]} {[%emt 00:00:10]} Qd3
{[%clk 00:15:21]} {[%emt 00:00:19]} 36. Qxf6+ {[%clk 01:12:23]} {[%emt
00:00:20]} Kc2 {[%clk 00:14:57]} {[%emt 00:00:49]} 37. Qb2+ {[%clk 01:12:37]}
{[%emt 00:00:21]} Kd1 {[%clk 00:15:16]} {[%emt 00:00:10]} 38. Qa1 {[%clk
01:12:11]} {[%emt 00:00:57]} Qb3 {[%clk 00:14:29]} {[%emt 00:01:06]} 39. Be3+
{[%clk 01:11:50]} {[%emt 00:01:02]} Kc2 {[%clk 00:14:04]} {[%emt 00:00:24]} 40.
Qc1+ {[%clk 01:11:54]} {[%emt 00:00:56]} Kd3 {[%clk 00:14:25]} {[%emt
00:00:10]} 41. Qd2+ {[%clk 01:11:43]} {[%emt 00:00:42]} Kc4 {[%clk 00:14:34]}
{[%emt 00:00:17]} 42. Qe2+ {[%clk 01:11:37]} {[%emt 00:00:40]} Kd5 {[%clk
00:14:29]} {[%emt 00:00:33]} 43. Qf3+ {[%clk 01:11:40]} {[%emt 00:00:28]} Kc4
{[%clk 00:14:33]} {[%emt 00:00:21]} 44. Qg4+ {[%clk 01:11:48]} {[%emt
00:00:27]} Kd5 {[%clk 00:14:25]} {[%emt 00:00:21]} 45. Qf3+ {[%clk 01:09:34]}
{[%emt 00:03:01]} Kc4 {[%clk 00:14:45]} {[%emt 00:00:07]} 46. Qf4+ {[%clk
01:08:51]} {[%emt 00:01:17]} Kd5 {[%clk 00:15:00]} {[%emt 00:00:11]} 47. Qf7+
{[%clk 01:08:27]} {[%emt 00:00:57]} Kc6 {[%clk 00:14:48]} {[%emt 00:00:42]} 48.
Qxb3 {[%clk 01:08:49]} {[%emt 00:00:08]} a5 {[%clk 00:15:10]} {[%emt 00:00:09]}
49. Qa4+ {[%clk 01:08:54]} {[%emt 00:00:25]} Kb6 {[%clk 00:15:31]} {[%emt
00:00:09]} 50. Qd7 {[%clk 01:09:14]} {[%emt 00:00:10]} h5 {[%clk 00:15:43]}
{[%emt 00:00:17]} 51. Qg7 {[%clk 01:09:15]} {[%emt 00:00:28]} a4 {[%clk
00:15:59]} {[%emt 00:00:15]} 52. Qxg6 {[%clk 01:09:22]} {[%emt 00:00:22]} Kb5
{[%clk 00:16:18]} {[%emt 00:00:13]} 53. Qe8+ {[%clk 01:09:18]} {[%emt
00:00:33]} Kb4 {[%clk 00:16:32]} {[%emt 00:00:12]} 54. Qd7 {[%clk 01:09:25]}
{[%emt 00:00:26]} a3 {[%clk 00:16:40]} {[%emt 00:00:22]} 55. Qxc7 {[%clk
01:09:41]} {[%emt 00:00:15]} a2 {[%clk 00:16:45]} {[%emt 00:00:25]} 56. Qg7
{[%clk 01:09:47]} {[%emt 00:00:23]} d5 {[%clk 00:16:36]} {[%emt 00:00:39]} 57.
Qb2+ {[%clk 01:10:03]} {[%emt 00:00:15]} Kc4 {[%clk 00:16:56]} {[%emt
00:00:10]} 58. Qxa2+ {[%clk 01:10:21]} {[%emt 00:00:12]} Kd3 {[%clk 00:17:15]}
{[%emt 00:00:10]} 59. Qxd5+ {[%clk 01:10:36]} {[%emt 00:00:15]} Kc2 {[%clk
00:17:14]} {[%emt 00:00:29]} 60. Qxc5+ {[%clk 01:10:55]} {[%emt 00:01:13]} Kb3
{[%clk 00:17:33]} {[%emt 00:00:10]} 61. Kf1 {[%clk 01:10:57]} {[%emt 00:00:28]}
h4 {[%clk 00:17:32]} {[%emt 00:00:31]} 62. Bd4 {[%clk 01:11:05]} {[%emt
00:00:23]} Ka2 {[%clk 00:17:33]} {[%emt 00:00:28]} 63. Ke2 {[%clk 01:10:03]}
{[%emt 00:01:33]} Kb1 {[%clk 00:17:28]} {[%emt 00:00:27]} 64. Kd2 {[%clk
01:09:57]} {[%emt 00:00:43]} Ka2 {[%clk 00:17:45]} {[%emt 00:00:13]} 65. g4
{[%clk 01:10:01]} {[%emt 00:00:26]} Kb1 {[%clk 00:17:43]} {[%emt 00:00:31]} 66.
Qc1+ {[%clk 01:10:24]} {[%emt 00:00:08]} Ka2 {[%clk 00:17:54]} {[%emt
00:00:19]} 67. Qb2# {[%clk 01:10:48]} {[%emt 00:00:07]} 1-0

[Event "DEM U10w 2023"]
[Site "Willingen GER"]
[Date "2023.06.01"]
[Round "8"]
[White "Zietz, Leni"]
[Black "Buntin, Amelia Bernadette"]
[Result "1-0"]
[Termination "normal"]
[Board "19"]
[WhiteElo "893"]
[BlackElo "737"]
[WhiteClock "00:36:13"]
[BlackClock "00:01:17"]
[PlyCount "59"]
[BlackFideId "34649581"]
[EventCountry "GER"]
[EventRounds "11"]
[EventType "swiss"]
[EventDate "2023.05.27"]

1. d4 {[%clk 01:15:58]} {[%emt 00:00:02]} d6 {[%clk 01:15:49]} {[%emt
00:00:10]} 2. e4 {[%clk 01:16:18]} {[%emt 00:00:11]} Nf6 {[%clk 01:16:09]}
{[%emt 00:00:11]} 3. f3 {[%clk 01:15:10]} {[%emt 00:01:37]} g6 {[%clk
01:11:54]} {[%emt 00:04:45]} 4. Be3 {[%clk 01:14:25]} {[%emt 00:01:16]} Bg7
{[%clk 01:12:04]} {[%emt 00:00:19]} 5. Bd3 {[%clk 01:12:45]} {[%emt 00:02:10]}
O-O {[%clk 01:03:24]} {[%emt 00:02:24]} 6. Ne2 {[%clk 01:13:04]} {[%emt
00:06:57]} Re8 {[%clk 01:03:34]} {[%emt 00:00:19]} 7. O-O {[%clk 01:10:53]}
{[%emt 00:02:41]} Nbd7 {[%clk 01:01:57]} {[%emt 00:02:05]} 8. Nd2 {[%clk
01:06:33]} {[%emt 00:04:53]} e5 {[%clk 01:02:12]} {[%emt 00:00:12]} 9. c3
{[%clk 01:06:07]} {[%emt 00:00:59]} b6 {[%clk 00:55:50]} {[%emt 00:06:51]} 10.
Qb3 {[%clk 01:04:36]} {[%emt 00:02:02]} Nf8 {[%clk 00:46:31]} {[%emt 00:09:49]}
11. Bc4 {[%clk 01:02:33]} {[%emt 00:02:34]} Be6 {[%clk 00:41:41]} {[%emt
00:05:20]} 12. Bg5 {[%clk 00:56:53]} {[%emt 00:06:10]} h6 {[%clk 00:36:53]}
{[%emt 00:05:16]} 13. Be3 {[%clk 00:51:39]} {[%emt 00:05:45]} b5 {[%clk
00:35:51]} {[%emt 00:01:31]} 14. Bxe6 {[%clk 00:49:00]} {[%emt 00:03:10]} fxe6
{[%clk 00:33:05]} {[%emt 00:03:16]} 15. Qxb5 {[%clk 00:45:49]} {[%emt
00:03:41]} Rb8 {[%emt 00:00:35]} 16. Qa6 {[%emt 00:09:12]} N6h7 {[%clk
00:27:38]} {[%emt 00:00:27]} 17. Qxa7 {[%clk 00:42:17]} {[%emt 00:00:47]} Rxb2
{[%clk 00:22:43]} {[%emt 00:05:25]} 18. Qa3 {[%clk 00:40:26]} {[%emt 00:02:20]}
Rb8 {[%clk 00:17:05]} {[%emt 00:06:09]} 19. Rab1 {[%clk 00:39:54]} {[%emt
00:01:01]} Nd7 {[%clk 00:17:10]} {[%emt 00:00:26]} 20. Rxb8 {[%clk 00:39:36]}
{[%emt 00:00:48]} Nxb8 {[%clk 00:17:22]} {[%emt 00:00:18]} 21. Nc4 {[%clk
00:39:06]} {[%emt 00:00:57]} Bf8 {[%clk 00:17:39]} {[%emt 00:00:14]} 22. Qc1
{[%clk 00:38:08]} {[%emt 00:01:29]} d5 {[%clk 00:17:54]} {[%emt 00:00:16]} 23.
Nxe5 {[%clk 00:37:32]} {[%emt 00:01:05]} dxe4 {[%clk 00:18:13]} {[%emt
00:00:12]} 24. fxe4 {[%clk 00:37:12]} {[%emt 00:00:50]} Qd6 {[%clk 00:13:26]}
{[%emt 00:05:17]} 25. Bxh6 {[%clk 00:36:08]} {[%emt 00:01:32]} Bxh6 {[%clk
00:10:38]} {[%emt 00:03:19]} 26. Qxh6 {[%clk 00:36:04]} {[%emt 00:00:31]} Nc6
{[%clk 00:08:46]} {[%emt 00:02:26]} 27. Qxg6+ {[%clk 00:35:59]} {[%emt
00:00:35]} Kh8 {[%clk 00:09:04]} {[%emt 00:00:12]} 28. Qxe8+ {[%clk 00:35:59]}
{[%emt 00:00:30]} Nf8 {[%clk 00:02:40]} {[%emt 00:06:53]} 29. Nf7+ {[%clk
00:35:57]} {[%emt 00:00:31]} Kh7 {[%clk 00:01:17]} {[%emt 00:01:53]} 30. Nxd6
{[%clk 00:36:13]} {[%emt 00:00:14]} 1-0

[Event "DEM U10w 2023"]
[Site "Willingen GER"]
[Date "2023.06.01"]
[Round "8"]
[White "Bräutigam, Viktoria"]
[Black "Eßers, Mathilda Marie"]
[Result "0-1"]
[Termination "normal"]
[Board "20"]
[WhiteElo "770"]
[BlackElo "755"]
[WhiteClock "00:45:14"]
[BlackClock "00:56:49"]
[PlyCount "112"]
[WhiteFideId "34638652"]
[BlackFideId "34684093"]
[EventCountry "GER"]
[EventRounds "11"]
[EventType "swiss"]
[EventDate "2023.05.27"]

1. e4 {[%clk 01:15:59]} {[%emt 19:33:27]} c5 {[%clk 01:15:55]} {[%emt
00:00:06]} 2. Nf3 {[%clk 01:16:19]} {[%emt 00:00:08]} e6 {[%clk 01:16:19]}
{[%emt 00:00:07]} 3. c3 {[%clk 01:16:26]} {[%emt 00:00:23]} Nf6 {[%clk
01:16:43]} {[%emt 00:00:06]} 4. e5 {[%clk 01:16:20]} {[%emt 00:00:36]} Nd5
{[%clk 01:17:04]} {[%emt 00:00:10]} 5. d4 {[%clk 01:16:11]} {[%emt 00:00:38]}
cxd4 {[%clk 01:17:27]} {[%emt 00:00:07]} 6. cxd4 {[%clk 01:16:16]} {[%emt
00:00:22]} b6 {[%clk 01:17:10]} {[%emt 00:00:51]} 7. Nc3 {[%clk 01:15:11]}
{[%emt 00:01:35]} Nxc3 {[%clk 01:15:46]} {[%emt 00:01:53]} 8. bxc3 {[%clk
01:15:31]} {[%emt 00:00:09]} Qc7 {[%clk 01:16:09]} {[%emt 00:00:08]} 9. Bd3
{[%clk 01:15:08]} {[%emt 00:00:51]} Qxc3+ {[%clk 01:13:09]} {[%emt 00:03:32]}
10. Bd2 {[%clk 01:14:56]} {[%emt 00:00:40]} Qxd3 {[%clk 01:10:17]} {[%emt
00:03:21]} 11. Rc1 {[%clk 01:13:33]} {[%emt 00:01:53]} Nc6 {[%clk 01:09:30]}
{[%emt 00:01:17]} 12. Rc3 {[%clk 01:07:52]} {[%emt 00:06:13]} Qa6 {[%clk
01:07:40]} {[%emt 00:01:58]} 13. Qc1 {[%clk 01:05:56]} {[%emt 00:02:44]} Be7
{[%clk 01:05:56]} {[%emt 00:02:14]} 14. a3 {[%clk 01:05:39]} {[%emt 00:00:52]}
O-O {[%clk 01:05:46]} {[%emt 00:00:41]} 15. Rc4 {[%clk 01:05:45]} {[%emt
00:00:21]} Bxa3 {[%clk 01:02:14]} {[%emt 00:04:01]} 16. Qc2 {[%clk 01:04:17]}
{[%emt 00:01:58]} Qb5 {[%clk 00:59:43]} {[%emt 00:02:37]} 17. O-O {[%clk
01:04:32]} {[%emt 00:00:42]} Ba6 {[%clk 00:59:27]} {[%emt 00:00:36]} 18. Ng5
{[%clk 01:04:10]} {[%emt 00:01:01]} f5 {[%clk 00:59:02]} {[%emt 00:00:55]} 19.
h3 {[%clk 01:02:01]} {[%emt 00:02:40]} Qxc4 {[%clk 00:58:04]} {[%emt 00:01:25]}
20. Qd1 {[%clk 00:57:57]} {[%emt 00:04:33]} Qxf1+ {[%clk 00:58:23]} {[%emt
00:00:13]} 21. Qxf1 {[%emt 00:01:39]} Bxf1 {[%clk 00:57:33]} {[%emt 00:00:05]}
22. Kxf1 {[%clk 00:58:14]} {[%emt 00:00:20]} Rac8 {[%clk 00:57:45]} {[%emt
00:00:19]} 23. Be3 {[%clk 00:51:59]} {[%emt 00:06:44]} f4 {[%clk 00:57:41]}
{[%emt 00:00:32]} 24. Bd2 {[%clk 00:51:13]} {[%emt 00:01:16]} Nxd4 {[%clk
00:57:56]} {[%emt 00:00:15]} 25. Bc3 {[%clk 00:50:41]} {[%emt 00:01:05]} Rxc3
{[%clk 00:58:05]} {[%emt 00:00:19]} 26. Kg1 {[%clk 00:49:06]} {[%emt 00:02:06]}
h6 {[%clk 00:58:21]} {[%emt 00:00:15]} 27. Ne4 {[%clk 00:49:00]} {[%emt
00:00:35]} Rc1+ {[%clk 00:58:18]} {[%emt 00:00:24]} 28. Kh2 {[%clk 00:48:53]}
{[%emt 00:00:46]} Rf5 {[%clk 00:58:29]} {[%emt 00:00:14]} 29. f3 {[%emt
00:01:27]} Rxe5 {[%clk 00:58:44]} 30. Nf2 {[%clk 00:47:34]} {[%emt 00:01:11]}
Re2 {[%clk 00:58:47]} {[%emt 00:00:18]} 31. Nh1 {[%clk 00:47:45]} {[%emt
00:00:27]} Rcc2 {[%clk 00:58:57]} {[%emt 00:00:19]} 32. Kg1 {[%clk 00:47:52]}
{[%emt 00:00:25]} Rxg2+ {[%clk 00:58:56]} {[%emt 00:00:19]} 33. Kf1 {[%clk
00:48:15]} {[%emt 00:00:19]} Ra2 {[%clk 00:58:57]} {[%emt 00:00:30]} 34. Nf2
{[%clk 00:48:08]} {[%emt 00:00:35]} Ra1+ {[%clk 00:58:55]} {[%emt 00:00:30]}
35. Kxg2 {[%clk 00:48:13]} {[%emt 00:00:28]} Bc5 {[%clk 00:58:49]} {[%emt
00:00:34]} 36. Nd3 {[%clk 00:47:59]} {[%emt 00:00:45]} Rd1 {[%clk 00:58:50]}
{[%emt 00:00:29]} 37. Nxf4 {[%clk 00:47:39]} {[%emt 00:00:51]} g5 {[%clk
00:59:08]} {[%emt 00:00:13]} 38. Nh5 {[%clk 00:46:50]} {[%emt 00:01:18]} a5
{[%clk 00:58:54]} {[%emt 00:00:42]} 39. Nf6+ {[%clk 00:46:34]} {[%emt
00:00:47]} Kf7 {[%clk 00:59:06]} {[%emt 00:00:17]} 40. Nxd7 {[%clk 00:46:37]}
{[%emt 00:00:27]} a4 {[%clk 00:59:17]} {[%emt 00:00:22]} 41. Nxc5 {[%clk
00:46:54]} {[%emt 00:00:13]} bxc5 {[%clk 00:59:30]} {[%emt 00:00:14]} 42. Kg3
{[%clk 00:46:51]} {[%emt 00:00:32]} Ne2+ {[%clk 00:59:45]} {[%emt 00:00:19]}
43. Kf2 {[%clk 00:46:51]} {[%emt 00:00:29]} Nf4 {[%clk 00:59:58]} {[%emt
00:00:17]} 44. Kg3 {[%clk 00:46:16]} {[%emt 00:01:05]} a3 {[%clk 01:00:14]}
{[%emt 00:00:16]} 45. h4 {[%clk 00:46:04]} {[%emt 00:00:40]} a2 {[%clk
01:00:38]} {[%emt 00:00:08]} 46. hxg5 {[%clk 00:45:52]} {[%emt 00:00:41]} a1=Q
{[%emt 00:02:18]} 47. Kxf4 {[%clk 00:45:52]} {[%emt 00:00:26]} Rd5 {[%clk
00:58:58]} {[%emt 00:00:17]} 48. Ke4 {[%clk 00:45:29]} {[%emt 00:00:58]} Qa4+
{[%clk 00:59:19]} {[%emt 00:00:11]} 49. Ke3 {[%clk 00:44:55]} {[%emt 00:00:58]}
Rd4 {[%clk 00:58:26]} {[%emt 00:01:30]} 50. Kf2 {[%clk 00:45:01]} {[%emt
00:00:22]} Qb3 {[%clk 00:58:33]} {[%emt 00:00:25]} 51. Kg3 {[%clk 00:45:20]}
{[%emt 00:00:11]} Qe3 {[%clk 00:58:03]} {[%emt 00:00:59]} 52. Kg2 {[%clk
00:45:20]} {[%emt 00:00:31]} Rf4 {[%clk 00:58:11]} {[%emt 00:00:20]} 53. Kg3
{[%clk 00:45:18]} {[%emt 00:00:34]} Qxf3+ {[%clk 00:58:21]} {[%emt 00:00:17]}
54. Kh2 {[%clk 00:44:52]} {[%emt 00:00:55]} Rh4+ {[%clk 00:58:39]} {[%emt
00:00:14]} 55. Kg1 {[%clk 00:44:59]} {[%emt 00:00:25]} Rg4+ {[%clk 00:58:18]}
{[%emt 00:00:34]} 56. Kh2 {[%clk 00:45:14]} {[%emt 00:00:30]} Qg2# {[%clk
00:56:49]} {[%emt 00:02:01]} 0-1